Statistics for 2023-24 NAME THE NFL PLAYER BY PICTURE #2

Click here to take the quiz!

General Stats

  • This quiz has been taken 81 times
  • The average score is 13 of 20

Answer Stats

Answer% Correct
Derek Carr
98%
Bijan Robinson
89%
Odell Beckham Jr.
89%
Puka Nacua
86%
Travis Etienne Jr.
84%
Noah Fant
81%
Jakobi Meyers
73%
Kyren Williams
73%
Skyy Moore
69%
Dalton Schultz
63%
Isaiah Likely
61%
Zach Charbonnet
61%
Kenneth Gainwell
56%
Zay Jones
55%
Tyjae Spears
53%
Robert Woods
52%
Marvin Mims Jr.
45%
Michael Wilson
41%
Jonathan Mingo
36%
Foster Moreau
14%

Score Distribution

Percentile by Number Answered

Percent of People with Each Score

Your Score History

You have not taken this quiz